00429 2200181 4500001002100000005001500021008004100036020002200077035001900099041000700118082001000125090001600135100001900151245003300170250001000203260002100213650001300234INLIS00000000001373420241224114618241224||||||||| | ||| |||| || |  a978-979-752-745-7 0010-1224013734 aid0 a2x1.1 a2x1.1 IND p0 ahendi indyawan00abelajar mudah huruf al-quran aCet.1 bDar! Mizanc2007 0aAl-Quran